000 00335nam a22001457a 4500
008 230626b ||||| |||| 00| 0 eng d
020 _a0803943113
041 _aeng
080 _2VOLUME 3
_a610.73
082 _a610.73STE
100 _a7
101 _aINF
245 _aTOOLS FOR PRIMARY CARE RESEARCH
_cSTEWART.M
942 _2udc
_cBK
999 _c60043
_d60043